[Event "Senior Men Russian Championship 2022_HL"]
[Site "Saint-Petersburg, Russia"]
[Date "2022.09.29"]
[Round "6.5"]
[White "Vul, Arkadi Eremeevich"]
[Black "Kalegin, Evgenij"]
[Result "1/2-1/2"]
[TimeControl "40+30"]
[WhiteElo "2181"]
[BlackElo "2386"]

1. Nf3 {[%clk 01:30:53]} {[%emt 00:00:07]} Nf6 {[%clk 01:30:59]} {[%emt
00:00:02]} 2. c4 {[%clk 01:31:22]} {[%emt 00:00:01]} g6 {[%emt 00:00:04]} 3. g3
{[%clk 01:31:49]} Bg7 {[%clk 01:31:56]} {[%emt 00:00:01]} 4. d4 {[%clk
01:32:17]} {[%emt 00:00:02]} O-O {[%clk 01:32:24]} {[%emt 00:00:03]} 5. Bg2
{[%clk 01:32:43]} {[%emt 00:00:04]} d6 {[%clk 01:32:53]} 6. O-O {[%clk
01:33:09]} {[%emt 00:00:03]} Nbd7 {[%clk 01:33:21]} {[%emt 00:00:02]} 7. Nc3
{[%clk 01:33:37]} {[%emt 00:00:02]} e5 {[%clk 01:33:50]} 8. e4 {[%clk
01:34:06]} {[%emt 00:00:01]} c6 {[%clk 01:34:19]} {[%emt 00:00:01]} 9. h3
{[%clk 01:34:34]} {[%emt 00:00:02]} exd4 {[%clk 01:34:47]} {[%emt 00:00:02]} 10.
Nxd4 {[%clk 01:35:02]} {[%emt 00:00:02]} Qb6 {[%clk 01:35:15]} {[%emt
00:00:02]} 11. Nc2 {[%clk 01:35:31]} {[%emt 00:00:02]} Qc7 {[%clk 01:35:44]} 12.
Be3 {[%clk 01:35:59]} {[%emt 00:00:02]} Re8 {[%clk 01:36:12]} {[%emt 00:00:02]}
13. Re1 {[%clk 01:36:27]} {[%emt 00:00:01]} b6 {[%clk 01:36:40]} {[%emt
00:00:02]} 14. Rc1 {[%clk 01:36:55]} {[%emt 00:00:02]} Bb7 {[%clk 01:37:09]}
{[%emt 00:00:02]} 15. Qd2 {[%clk 01:37:23]} {[%emt 00:00:02]} Rad8 {[%clk
01:37:37]} {[%emt 00:00:02]} 16. f4 {[%clk 01:37:51]} {[%emt 00:00:02]} h5
{[%clk 01:38:05]} {[%emt 00:00:01]} 17. Bf2 {[%clk 01:38:19]} {[%emt 00:00:02]}
a5 {[%clk 01:38:34]} 18. b3 {[%clk 01:38:45]} {[%emt 00:00:04]} Nc5 {[%clk
01:39:03]} {[%emt 00:00:01]} 19. Nd4 {[%clk 01:39:13]} {[%emt 00:00:02]} Bh6
{[%clk 01:39:31]} {[%emt 00:00:02]} 20. Re2 {[%clk 01:39:42]} Re7 {[%clk
01:40:00]} {[%emt 00:00:01]} 21. Rce1 {[%clk 01:40:11]} {[%emt 00:00:02]} Rde8
{[%clk 01:40:28]} {[%emt 00:00:01]} 22. Nc2 {[%clk 01:40:39]} {[%emt 00:00:02]}
Bg7 {[%clk 01:40:56]} {[%emt 00:00:02]} 23. Bd4 {[%clk 01:41:07]} {[%emt
00:00:02]} Ne6 {[%clk 01:41:24]} {[%emt 00:00:02]} 24. Bf2 {[%clk 01:41:35]}
{[%emt 00:00:02]} Nc5 {[%clk 01:41:53]} {[%emt 00:00:01]} 25. Bd4 {[%clk
01:42:04]} {[%emt 00:00:01]} 1/2-1/2

[Event "Senior Men Russian Championship 2022_HL"]
[Site "Saint-Petersburg, Russia"]
[Date "2022.09.29"]
[Round "6.1"]
[White "Ionov, Sergey"]
[Black "Loginov, Valery A"]
[Result "1/2-1/2"]
[TimeControl "40+30"]
[WhiteElo "2513"]
[BlackElo "2478"]

1. e4 {[%clk 01:30:58]} {[%emt 00:00:02]} c5 {[%clk 01:31:00]} 2. Nf3 {[%clk
01:31:26]} {[%emt 00:00:02]} d6 {[%clk 01:31:28]} {[%emt 00:00:01]} 3. Bb5+
{[%clk 01:31:54]} {[%emt 00:00:02]} Bd7 {[%clk 01:31:57]} {[%emt 00:00:01]} 4.
Bxd7+ {[%clk 01:32:23]} {[%emt 00:00:02]} Qxd7 {[%clk 01:32:26]} {[%emt
00:00:01]} 5. c4 {[%clk 01:32:51]} {[%emt 00:00:02]} Nc6 {[%clk 01:32:55]} 6.
d4 {[%clk 01:33:19]} {[%emt 00:00:02]} cxd4 {[%clk 01:33:22]} {[%emt 00:00:02]}
7. Nxd4 {[%clk 01:33:42]} {[%emt 00:00:08]} g6 {[%clk 01:33:50]} {[%emt
00:00:02]} 8. Nc3 {[%clk 01:34:11]} {[%emt 00:00:01]} Bg7 {[%clk 01:34:18]}
{[%emt 00:00:02]} 9. Be3 {[%clk 01:34:39]} {[%emt 00:00:02]} Nf6 {[%clk
01:34:46]} {[%emt 00:00:02]} 10. f3 {[%clk 01:35:07]} {[%emt 00:00:01]} O-O
{[%clk 01:35:14]} {[%emt 00:00:03]} 11. O-O {[%clk 01:35:35]} {[%emt 00:00:02]}
e6 {[%clk 01:35:42]} {[%emt 00:00:01]} 12. Qd2 {[%clk 01:36:04]} {[%emt
00:00:02]} Rfd8 {[%clk 01:36:10]} {[%emt 00:00:02]} 13. Rfd1 {[%clk 01:36:32]}
{[%emt 00:00:02]} d5 {[%clk 01:36:39]} {[%emt 00:00:01]} 14. exd5 {[%clk
01:37:00]} {[%emt 00:00:02]} 1/2-1/2

[Event "Senior Men Russian Championship 2022_HL"]
[Site "Saint-Petersburg, Russia"]
[Date "2022.09.29"]
[Round "6.9"]
[White "Kasantsev, Anatolij B."]
[Black "Mamoshin, Valery"]
[Result "0-1"]
[TimeControl "40+30"]
[WhiteElo "1908"]
[BlackElo "2203"]

1. d4 {[%clk 01:30:58]} {[%emt 00:00:02]} Nf6 {[%clk 01:30:58]} {[%emt
00:00:02]} 2. c4 {[%clk 01:31:26]} {[%emt 00:00:02]} e6 {[%clk 01:31:27]} 3.
Nc3 {[%clk 01:31:54]} {[%emt 00:00:02]} Bb4 {[%clk 01:31:55]} {[%emt 00:00:03]}
4. Qc2 {[%clk 01:32:23]} c5 {[%clk 01:32:23]} {[%emt 00:00:02]} 5. dxc5 {[%clk
01:32:51]} {[%emt 00:00:02]} Qa5 {[%clk 01:32:52]} 6. Bd2 {[%clk 01:33:16]}
{[%emt 00:00:05]} Na6 {[%clk 01:33:20]} {[%emt 00:00:02]} 7. a3 {[%clk
01:33:45]} {[%emt 00:00:01]} Bxc5 {[%clk 01:33:46]} {[%emt 00:00:03]} 8. Rc1
{[%clk 01:34:14]} {[%emt 00:00:01]} Qd8 {[%clk 01:34:14]} {[%emt 00:00:03]} 9.
Nf3 {[%clk 01:34:43]} O-O {[%clk 01:34:41]} {[%emt 00:00:03]} 10. b4 {[%clk
01:35:12]} {[%emt 00:00:02]} Be7 {[%clk 01:35:09]} {[%emt 00:00:01]} 11. e4
{[%clk 01:35:40]} d6 {[%clk 01:35:32]} {[%emt 00:00:08]} 12. Be2 {[%clk
01:36:09]} {[%emt 00:00:01]} b6 {[%clk 01:36:00]} {[%emt 00:00:03]} 13. O-O
{[%clk 01:36:35]} {[%emt 00:00:02]} Bb7 {[%clk 01:36:29]} {[%emt 00:00:02]} 14.
Rfd1 {[%clk 01:37:01]} {[%emt 00:00:04]} Qb8 {[%clk 01:36:51]} {[%emt
00:00:02]} 15. Nd4 {[%clk 01:37:21]} {[%emt 00:00:16]} Nc7 {[%clk 01:37:20]}
{[%emt 00:00:01]} 16. f3 {[%clk 01:37:49]} {[%emt 00:00:02]} Rd8 {[%clk
01:37:48]} {[%emt 00:00:02]} 17. Be3 {[%clk 01:38:15]} {[%emt 00:00:04]} Rd7
{[%clk 01:38:17]} {[%emt 00:00:02]} 18. Qa4 {[%clk 01:38:43]} {[%emt 00:00:02]}
Qd8 {[%clk 01:38:46]} 19. Nc6 {[%clk 01:39:11]} {[%emt 00:00:02]} Bxc6 {[%clk
01:39:15]} {[%emt 00:00:02]} 20. Qxc6 {[%clk 01:39:39]} {[%emt 00:00:02]} Rc8
{[%clk 01:39:42]} {[%emt 00:00:02]} 21. Qa4 {[%clk 01:40:07]} {[%emt 00:00:02]}
h6 {[%clk 01:40:10]} {[%emt 00:00:02]} 22. Rd2 {[%clk 01:40:35]} {[%emt
00:00:03]} e5 {[%clk 01:40:39]} 23. Rcd1 {[%clk 01:41:03]} {[%emt 00:00:02]}
Ne6 {[%clk 01:41:08]} {[%emt 00:00:02]} 24. Nd5 {[%clk 01:41:31]} {[%emt
00:00:02]} Nxd5 {[%clk 01:41:36]} 25. cxd5 {[%clk 01:41:58]} {[%emt 00:00:04]}
Bg5 {[%clk 01:42:05]} 26. Bxg5 {[%clk 01:42:25]} {[%emt 00:00:03]} Nxg5 {[%clk
01:42:33]} {[%emt 00:00:02]} 27. h4 {[%clk 01:42:53]} {[%emt 00:00:02]} Nh7
{[%clk 01:43:01]} {[%emt 00:00:02]} 28. f4 {[%clk 01:43:16]} {[%emt 00:00:07]}
Rc3 {[%clk 01:43:29]} {[%emt 00:00:03]} 29. fxe5 {[%clk 01:43:44]} {[%emt
00:00:02]} Re7 {[%clk 01:43:52]} {[%emt 00:00:07]} 30. exd6 {[%clk 01:44:13]}
{[%emt 00:00:01]} Qxd6 {[%clk 01:44:20]} {[%emt 00:00:02]} 31. Rc2 {[%clk
01:44:40]} {[%emt 00:00:02]} Re3 {[%clk 01:44:49]} 32. Bd3 {[%clk 01:45:08]}
{[%emt 00:00:02]} f5 {[%clk 01:45:17]} {[%emt 00:00:03]} 33. Qc6 {[%clk
01:45:37]} Qg3 {[%clk 01:45:45]} {[%emt 00:00:02]} 34. Bf1 {[%clk 01:46:05]}
{[%emt 00:00:01]} Nf6 {[%clk 01:46:11]} {[%emt 00:00:05]} 35. Qc8+ {[%clk
01:46:32]} {[%emt 00:00:03]} Re8 {[%clk 01:46:40]} 36. Qc7 {[%clk 01:46:59]}
{[%emt 00:00:03]} f4 {[%clk 01:47:09]} 37. Rf2 {[%clk 01:47:27]} {[%emt
00:00:02]} R3xe4 {[%clk 01:47:35]} {[%emt 00:00:04]} 38. Rf3 {[%clk 01:47:55]}
{[%emt 00:00:03]} Qxh4 {[%clk 01:48:03]} {[%emt 00:00:01]} 39. d6 {[%clk
01:48:22]} {[%emt 00:00:03]} Ng4 {[%clk 01:48:32]} {[%emt 00:00:01]} 40. Rh3
{[%clk 02:18:50]} {[%emt 00:00:02]} Qf2+ {[%clk 02:19:01]} {[%emt 00:00:01]} 41.
Kh1 {[%clk 02:19:19]} {[%emt 00:00:02]} Re3 {[%clk 02:19:29]} 42. Qc4+ {[%clk
02:19:47]} {[%emt 00:00:01]} Kh8 {[%clk 02:19:54]} {[%emt 00:00:06]} 43. Rh5
{[%clk 02:20:08]} {[%emt 00:00:09]} R3e5 {[%clk 02:20:21]} {[%emt 00:00:03]} 44.
Rh3 {[%clk 02:20:37]} {[%emt 00:00:01]} Ne3 {[%clk 02:20:50]} 45. d7 {[%clk
02:21:05]} {[%emt 00:00:03]} Nxc4 {[%clk 02:21:17]} 46. dxe8=Q+ {[%clk
02:21:30]} {[%emt 00:00:05]} Rxe8 {[%clk 02:21:46]} {[%emt 00:00:02]} 47. Bxc4
{[%clk 02:21:56]} {[%emt 00:00:04]} Re1+ {[%clk 02:22:15]} 48. Rxe1 {[%clk
02:22:24]} {[%emt 00:00:02]} Qxe1+ {[%clk 02:22:43]} {[%emt 00:00:02]} 49. Kh2
{[%clk 02:22:52]} {[%emt 00:00:01]} g5 {[%clk 02:23:10]} {[%emt 00:00:03]} 0-1

[Event "Senior Men Russian Championship 2022_HL"]
[Site "Saint-Petersburg, Russia"]
[Date "2022.09.30"]
[Round "7.1"]
[White "Ponfilenok, Vladimir"]
[Black "Loginov, Valery A"]
[Result "1/2-1/2"]
[TimeControl "40+30"]
[WhiteElo "2298"]
[BlackElo "2478"]

1. d4 {[%clk 01:30:59]} {[%emt 01:51:56]} Nf6 {[%clk 01:30:50]} {[%emt
00:00:11]} 2. Bg5 {[%clk 01:31:22]} {[%emt 00:00:06]} Ne4 {[%clk 01:31:08]}
{[%emt 00:00:12]} 3. Bf4 {[%clk 01:31:49]} {[%emt 00:00:03]} d5 {[%clk
01:31:28]} {[%emt 00:00:11]} 4. e3 {[%clk 01:32:01]} {[%emt 00:00:17]} c5
{[%clk 01:31:50]} {[%emt 00:00:08]} 5. Nd2 {[%clk 01:31:30]} {[%emt 00:01:00]}
Nxd2 {[%clk 01:30:13]} {[%emt 00:02:09]} 6. Qxd2 {[%clk 01:31:57]} {[%emt
00:00:03]} Nc6 {[%clk 01:30:33]} {[%emt 00:00:10]} 7. Nf3 {[%clk 01:31:55]}
{[%emt 00:00:31]} cxd4 {[%clk 01:26:36]} {[%emt 00:04:28]} 8. exd4 {[%clk
01:32:09]} {[%emt 00:00:16]} Bf5 {[%clk 01:26:04]} {[%emt 00:01:02]} 9. Bd3
{[%clk 01:28:52]} {[%emt 00:03:46]} Bxd3 {[%clk 01:25:21]} {[%emt 00:01:12]} 10.
Qxd3 {[%clk 01:29:19]} {[%emt 00:00:04]} e6 {[%clk 01:25:39]} {[%emt 00:00:12]}
11. O-O {[%clk 01:19:25]} {[%emt 00:10:24]} Be7 {[%clk 01:25:38]} {[%emt
00:00:31]} 12. c3 {[%clk 01:07:30]} {[%emt 00:12:26]} O-O {[%clk 01:23:29]}
{[%emt 00:02:39]} 13. Rae1 {[%clk 01:06:41]} {[%emt 00:01:18]} a6 {[%clk
01:18:57]} {[%emt 00:05:02]} 14. Ne5 {[%clk 01:04:02]} {[%emt 00:03:09]} Rc8
{[%clk 01:17:33]} {[%emt 00:01:54]} 15. Re3 {[%clk 01:03:28]} {[%emt 00:01:02]}
Nxe5 {[%clk 01:14:59]} {[%emt 00:03:07]} 16. Bxe5 {[%clk 00:56:18]} {[%emt
00:07:39]} Rc6 {[%clk 01:14:07]} {[%emt 00:01:22]} 17. Rh3 {[%clk 00:54:14]}
{[%emt 00:02:34]} g6 {[%clk 01:13:02]} {[%emt 00:01:35]} 18. Re1 {[%clk
00:51:13]} {[%emt 00:03:31]} f6 {[%clk 01:10:56]} {[%emt 00:02:36]} 19. Bf4
{[%clk 00:50:51]} {[%emt 00:00:51]} Qd7 {[%clk 01:10:40]} {[%emt 00:00:47]} 20.
Qe2 {[%clk 00:44:23]} {[%emt 00:06:59]} Re8 {[%clk 01:08:22]} {[%emt 00:02:48]}
21. Re3 {[%clk 00:42:35]} {[%emt 00:02:18]} Bf8 {[%clk 01:08:30]} {[%emt
00:00:21]} 22. h4 {[%clk 00:41:42]} {[%emt 00:01:23]} b5 {[%clk 01:05:38]}
{[%emt 00:03:22]} 23. a3 {[%clk 00:42:04]} {[%emt 00:00:08]} Bg7 {[%clk
01:03:03]} {[%emt 00:03:04]} 24. g4 {[%clk 00:39:38]} {[%emt 00:02:56]} e5
{[%clk 01:02:00]} {[%emt 00:01:34]} 25. dxe5 {[%clk 00:38:25]} {[%emt
00:01:43]} fxe5 {[%clk 01:02:24]} {[%emt 00:00:07]} 26. Bxe5 {[%clk 00:38:43]}
{[%emt 00:00:11]} Rxe5 {[%clk 01:02:40]} {[%emt 00:00:15]} 27. Rxe5 {[%clk
00:38:46]} {[%emt 00:00:27]} Bxe5 {[%clk 01:03:03]} {[%emt 00:00:06]} 28. Qxe5
{[%clk 00:38:49]} {[%emt 00:00:27]} Qxg4+ {[%clk 01:03:26]} {[%emt 00:00:07]}
29. Kf1 {[%clk 00:36:04]} {[%emt 00:03:15]} Qh3+ {[%clk 01:03:37]} {[%emt
00:00:19]} 30. Kg1 {[%clk 00:36:30]} {[%emt 00:00:03]} Qg4+ {[%clk 01:04:01]}
{[%emt 00:00:08]} 31. Kf1 {[%clk 00:36:13]} {[%emt 00:00:45]} Qh3+ {[%clk
01:04:24]} {[%emt 00:00:07]} 32. Kg1 {[%clk 00:36:30]} {[%emt 00:00:11]} Qg4+
{[%emt 00:00:06]} 1/2-1/2

[Event "Senior Men Russian Championship 2022_HL"]
[Site "Saint-Petersburg, Russia"]
[Date "2022.09.30"]
[Round "7.2"]
[White "Provotorov, Alexandr P."]
[Black "Ionov, Sergey"]
[Result "1/2-1/2"]
[TimeControl "40+30"]
[WhiteElo "2277"]
[BlackElo "2513"]

1. e4 {[%clk 01:30:36]} {[%emt 00:00:23]} c5 {[%clk 01:30:51]} {[%emt
00:00:10]} 2. c3 {[%clk 01:29:15]} {[%emt 00:01:51]} Nf6 {[%clk 01:29:47]}
{[%emt 00:01:34]} 3. e5 {[%clk 01:28:50]} {[%emt 00:00:55]} Nd5 {[%clk
01:30:12]} {[%emt 00:00:05]} 4. d4 {[%clk 01:28:40]} {[%emt 00:00:39]} cxd4
{[%clk 01:30:36]} {[%emt 00:00:06]} 5. Nf3 {[%clk 01:29:06]} {[%emt 00:00:05]}
Nc6 {[%clk 01:28:49]} {[%emt 00:02:17]} 6. cxd4 {[%clk 01:26:41]} {[%emt
00:02:54]} d6 {[%clk 01:27:43]} {[%emt 00:01:36]} 7. Bc4 {[%clk 01:25:23]}
{[%emt 00:01:48]} Nb6 {[%clk 01:23:26]} {[%emt 00:04:48]} 8. Bb5 {[%clk
01:25:30]} {[%emt 00:00:22]} dxe5 {[%clk 01:23:49]} {[%emt 00:00:07]} 9. Nxe5
{[%clk 01:25:52]} {[%emt 00:00:08]} Bd7 {[%clk 01:24:15]} {[%emt 00:00:05]} 10.
Nxd7 {[%clk 01:20:34]} {[%emt 00:05:46]} Qxd7 {[%clk 01:20:26]} {[%emt
00:04:21]} 11. Nc3 {[%clk 01:20:17]} {[%emt 00:00:47]} e6 {[%clk 01:20:30]}
{[%emt 00:00:25]} 12. O-O {[%clk 01:20:01]} {[%emt 00:00:46]} Rd8 {[%clk
01:12:57]} {[%emt 00:08:03]} 13. Bg5 {[%clk 01:04:32]} {[%emt 00:15:59]} Be7
{[%clk 01:10:36]} {[%emt 00:02:51]} 14. Bxe7 {[%clk 01:04:32]} {[%emt
00:00:30]} Qxe7 {[%clk 01:10:59]} {[%emt 00:00:07]} 15. Qf3 {[%clk 00:52:14]}
{[%emt 00:12:48]} O-O {[%clk 01:05:35]} {[%emt 00:05:55]} 16. Bxc6 {[%clk
00:52:15]} {[%emt 00:00:28]} bxc6 {[%clk 01:06:01]} {[%emt 00:00:05]} 17. Qxc6
{[%clk 00:44:34]} {[%emt 00:08:11]} Rxd4 {[%clk 01:05:42]} {[%emt 00:00:48]} 18.
Rad1 {[%clk 00:44:17]} {[%emt 00:00:46]} Rb4 {[%clk 01:02:02]} {[%emt
00:04:08]} 19. b3 {[%clk 00:42:58]} {[%emt 00:01:52]} Rc8 {[%clk 01:01:48]}
{[%emt 00:00:42]} 20. Qf3 {[%clk 00:42:34]} {[%emt 00:00:56]} h6 {[%clk
00:55:19]} {[%emt 00:06:58]} 21. h3 {[%clk 00:41:04]} {[%emt 00:02:00]} Qc7
{[%clk 00:48:09]} {[%emt 00:07:40]} 22. Rc1 {[%clk 00:38:08]} {[%emt 00:03:27]}
Qd7 {[%clk 00:45:17]} {[%emt 00:03:20]} 23. Rcd1 {[%clk 00:24:50]} {[%emt
00:13:50]} Rd4 {[%clk 00:42:23]} {[%emt 00:03:23]} 24. Qe3 {[%clk 00:18:28]}
{[%emt 00:06:53]} Rd6 {[%clk 00:31:53]} {[%emt 00:10:59]} 25. Rxd6 {[%clk
00:17:29]} {[%emt 00:01:30]} Qxd6 {[%clk 00:32:21]} {[%emt 00:00:02]} 26. Rd1
{[%clk 00:17:43]} {[%emt 00:00:15]} Qb4 {[%clk 00:25:08]} {[%emt 00:07:41]}
1/2-1/2

[Event "Senior Men Russian Championship 2022_HL"]
[Site "Saint-Petersburg, Russia"]
[Date "2022.09.30"]
[Round "7.3"]
[White "Vul, Arkadi Eremeevich"]
[Black "Balashov, Yuri S"]
[Result "1/2-1/2"]
[TimeControl "40+30"]
[WhiteElo "2181"]
[BlackElo "2395"]

1. Nf3 {[%clk 01:30:57]} {[%emt 00:00:02]} c5 {[%clk 01:30:48]} {[%emt
00:00:13]} 2. c4 {[%clk 01:31:22]} {[%emt 00:00:04]} Nc6 {[%clk 01:31:07]}
{[%emt 00:00:11]} 3. d4 {[%clk 01:31:47]} {[%emt 00:00:06]} cxd4 {[%clk
01:31:31]} {[%emt 00:00:05]} 4. Nxd4 {[%clk 01:32:15]} {[%emt 00:00:03]} Qb6
{[%clk 01:31:08]} {[%emt 00:00:53]} 5. e3 {[%clk 01:32:01]} {[%emt 00:00:44]}
Nf6 {[%clk 01:31:16]} {[%emt 00:00:21]} 6. Nc3 {[%clk 01:32:17]} {[%emt
00:00:15]} e6 {[%clk 01:30:58]} {[%emt 00:00:47]} 7. a3 {[%clk 01:21:50]}
{[%emt 00:10:58]} Be7 {[%clk 01:28:36]} {[%emt 00:02:50]} 8. Be2 {[%clk
01:19:21]} {[%emt 00:03:00]} O-O {[%clk 01:28:33]} {[%emt 00:00:33]} 9. O-O
{[%clk 01:19:39]} {[%emt 00:00:12]} d6 {[%clk 01:23:32]} {[%emt 00:05:31]} 10.
b4 {[%clk 01:10:52]} {[%emt 00:09:17]} a6 {[%clk 01:22:08]} {[%emt 00:01:54]}
11. Bb2 {[%clk 01:07:35]} {[%emt 00:03:47]} Bd7 {[%clk 01:16:28]} {[%emt
00:06:09]} 12. Nb3 {[%clk 01:05:24]} {[%emt 00:02:43]} Rfd8 {[%clk 01:10:31]}
{[%emt 00:06:26]} 13. Rc1 {[%clk 00:44:27]} {[%emt 00:21:27]} Be8 {[%clk
01:09:12]} {[%emt 00:01:48]} 14. Qd2 {[%clk 00:42:29]} {[%emt 00:02:29]} a5
{[%clk 00:59:18]} {[%emt 00:10:23]} 15. Na4 {[%clk 00:41:35]} {[%emt 00:01:25]}
Qc7 {[%clk 00:58:00]} {[%emt 00:01:49]} 16. b5 {[%clk 00:41:42]} {[%emt
00:00:23]} Ne5 {[%clk 00:56:31]} {[%emt 00:01:58]} 17. Rfd1 {[%clk 00:26:01]}
{[%emt 00:16:11]} b6 {[%clk 00:56:29]} {[%emt 00:00:32]} 18. f4 {[%clk
00:23:48]} {[%emt 00:02:44]} Ng6 {[%clk 00:51:26]} {[%emt 00:05:32]} 19. Bf3
{[%clk 00:23:38]} {[%emt 00:00:40]} Rab8 {[%clk 00:51:38]} {[%emt 00:00:17]} 20.
Nd4 {[%clk 00:18:14]} {[%emt 00:05:55]} Bd7 {[%clk 00:46:43]} {[%emt 00:05:25]}
21. Bc6 {[%clk 00:15:54]} {[%emt 00:02:50]} Bc8 {[%clk 00:46:14]} {[%emt
00:00:59]} 22. Bf3 {[%clk 00:16:06]} {[%emt 00:00:18]} Bd7 {[%clk 00:46:00]}
{[%emt 00:00:44]} 23. Bc6 {[%clk 00:16:28]} {[%emt 00:00:08]} Bc8 {[%clk
00:46:25]} {[%emt 00:00:05]} 24. Bf3 {[%clk 00:16:54]} {[%emt 00:00:04]} Bd7
{[%emt 00:00:12]} 1/2-1/2

[Event "Senior Men Russian Championship 2022_HL"]
[Site "Saint-Petersburg, Russia"]
[Date "2022.09.30"]
[Round "7.6"]
[White "Mamoshin, Valery"]
[Black "Zhelnin, Vladimir V"]
[Result "0-1"]
[TimeControl "40+30"]
[WhiteElo "2203"]
[BlackElo "2344"]

1. e4 {[%clk 01:30:58]} c5 {[%clk 01:30:49]} {[%emt 00:00:12]} 2. Nc3 {[%clk
01:31:22]} {[%emt 00:00:07]} Nc6 {[%clk 01:25:41]} {[%emt 00:05:38]} 3. f4
{[%clk 01:31:39]} {[%emt 00:00:12]} g6 {[%clk 01:25:34]} {[%emt 00:00:37]} 4.
Nf3 {[%clk 01:32:01]} {[%emt 00:00:08]} Bg7 {[%clk 01:25:37]} {[%emt 00:00:27]}
5. Bc4 {[%clk 01:30:54]} {[%emt 00:01:37]} e6 {[%clk 01:23:29]} {[%emt
00:02:38]} 6. O-O {[%clk 01:30:45]} {[%emt 00:00:38]} Nge7 {[%clk 01:20:16]}
{[%emt 00:03:44]} 7. d3 {[%clk 01:22:13]} {[%emt 00:09:02]} O-O {[%clk
01:15:47]} {[%emt 00:04:59]} 8. a3 {[%clk 01:22:11]} {[%emt 00:00:32]} d5
{[%clk 01:06:28]} {[%emt 00:09:50]} 9. Ba2 {[%clk 01:22:32]} {[%emt 00:00:08]}
dxe4 {[%clk 01:02:38]} {[%emt 00:04:21]} 10. Nxe4 {[%clk 01:22:37]} {[%emt
00:00:24]} b6 {[%clk 01:02:21]} {[%emt 00:00:47]} 11. Qe1 {[%clk 01:17:37]}
{[%emt 00:05:30]} Nf5 {[%clk 01:01:25]} {[%emt 00:01:27]} 12. Rf2 {[%clk
01:08:42]} {[%emt 00:09:24]} a5 {[%clk 00:59:22]} {[%emt 00:02:34]} 13. Bd2
{[%clk 01:03:38]} {[%emt 00:05:33]} Bxb2 {[%clk 00:47:57]} {[%emt 00:11:55]} 14.
Bc3 {[%clk 01:03:48]} {[%emt 00:00:20]} Bxa1 {[%clk 00:42:16]} {[%emt
00:06:11]} 15. Bxa1 {[%clk 01:03:21]} {[%emt 00:00:57]} f6 {[%clk 00:38:56]}
{[%emt 00:03:51]} 16. g4 {[%clk 01:00:33]} {[%emt 00:03:16]} Nfd4 {[%clk
00:39:06]} {[%emt 00:00:20]} 17. g5 {[%clk 00:57:58]} {[%emt 00:03:04]} Nxf3+
{[%clk 00:35:47]} {[%emt 00:03:52]} 18. Rxf3 {[%clk 00:58:24]} {[%emt
00:00:04]} Nd4 {[%clk 00:36:01]} {[%emt 00:00:16]} 19. Rh3 {[%clk 00:57:20]}
{[%emt 00:01:32]} Ra7 {[%clk 00:30:57]} {[%emt 00:05:35]} 20. Nxf6+ {[%clk
00:56:37]} {[%emt 00:01:12]} Rxf6 {[%clk 00:31:14]} {[%emt 00:00:14]} 21. gxf6
{[%clk 00:56:20]} {[%emt 00:00:46]} Qxf6 {[%clk 00:28:11]} {[%emt 00:03:34]} 22.
Qe3 {[%clk 00:39:04]} {[%emt 00:17:46]} Rf7 {[%clk 00:24:03]} {[%emt 00:04:39]}
0-1